Skip to content
VuFind
שפה
English
Deutsch
Español
Français
Italiano
日本語
Nederlands
Português
Português (Brasil)
中文(简体)
中文(繁體)
Türkçe
עברית
Gaeilge
Cymraeg
Ελληνικά
Català
Euskara
Русский
Čeština
Suomi
Svenska
polski
Dansk
slovenščina
اللغة العربية
বাংলা
Galego
Tiếng Việt
Hrvatski
हिंदी
כל השדות
כותר
מחבר
נושא
סימן המיקום
ISBN/ISSN
תג
מצא
מתקדם
Elementory mathematics and sta...
יצירת מראה מקום
שלח את זה
הדפסה
יצוא רשומה
יצוא אל RefWorks
יצוא אל EndNoteWeb
יצוא אל EndNote
permanent_link
טוען...
Elementory mathematics and statistics for economists
מידע ביבליוגרפי
שפה:
English
מלאי ספרים
תיאור
פריטים דומים
תצוגת צוות
LEADER
00254nam a22000977a 4500
005
20160820112805.0
008
130326t xxu||||| |||| 00| 0 eng d
082
|a
51
|b
AGA
245
|a
Elementory mathematics and statistics for economists
942
|c
BK
|6
_
999
|c
176767
|d
176767
פריטים דומים
Elementory mathematics and statistics for economists
יצא לאור: (2003)
Mathematics for Economists: An Elementory Survey
מאת: Yamaney, Taro
יצא לאור: (2002)
Mathematics for Economists: An Elementory Survey
מאת: Yamaney, Taro
יצא לאור: (2002)
Elementory manual of statistics /
מאת: Bowley, Arthur L.
יצא לאור: (1915)
Elementory economics
מאת: Sundharam, K P M
יצא לאור: (1986)
טוען...